000 00734nam a2200205Ia 4500
003 GCL
008 140319s9999 xx 000 0 ara d
040 _aGCL /
_cGCL
082 0 4 _a277.1
_bع ر
100 1 _aعلى عبدالحليم محمود
245 1 0 _aرسائل التربية عند الاخوان المسلمين: دراسة تحليلية تاريخية /
_cعلى عبدالحليم محمود
260 _a[S.N] :
_bدار الوفاء للطباعة والنشر والتوزيع ،
_c1990
300 _a247 ص
490 _a
650 0 4 _aالتربية
650 0 4 _aالنظم السياسية
650 0 4 _aالنظم الاجتماعية
650 0 4 _aالاخوان المسلمون
942 _2ddc
_cBK
999 _c30338
_d30338